000 00271nam a2200109Ia 4500
008 200302s9999 xx 000 0 und d
100 _aAaron Betsky
245 _aLandscrapers Building With the Land
260 _bThames and Hudson Inc.
260 _c2002
300 _a191 P.,
999 _c1946
_d1946